000 00638nam a2200217Ii 4500
003 JO-AjNU
008 230606s9999||||xx |||||||||||||| ||und||
020 _a978-0550-101877
040 _aJO-AjNU
_beng
_erda
_cJO-AjNU
041 _aeng
050 1 4 _aP90 2006
100 3 _aThornton,Ruth Editor,
_eauthor
_91930
245 0 0 _aChambers:Adult Learners'Writing Guide
250 _a1 ed
264 3 1 _aEdinburgh:Chambers Harrap Publishers,2006
300 _a249p
336 _atext
_btxt
_2rdacontent
337 _aunmediated
_bn
_2rdamedia
338 _avolume
_bnc
_2rdacarrier
650 4 _aLanguage-Adult Learners'Writing Guide
_91931
999 _aE1015
_c1015
_d1015